000 01275cam a2200241 4500500
005 20260426015830.0
041 _afre
042 _adc
100 1 0 _aNatanson Duncker, Mireille
_eauthor
245 0 0 _aBerceuses yiddish, images d'enfances et miroir d'une culture perdue
260 _c2001.
500 _a67
520 _aLes berceuses yiddish, dans leur grande diversité, reflètent l’histoire des communautés juives de l’Europe de l’Est. Par leurs textes et leurs mélodies, elles sont un miroir des préoccupations, des aspirations et du destin d’un monde aujourd’hui disparu.
520 _aYiddish lullabies, childhood images and reflect of a lost culture Yiddish lullabies, in their large variety, reflect the history of the Jewish communities of Eastern Europe. Through their texts and melodies, they are a reflection of the preoccupations, the yearnings and the destiny of a now disappeared world.
690 _aBerceuse
690 _aEnfance
690 _aYiddish
690 _aChildhood
690 _aLullaby
690 _aYiddish
786 0 _nImaginaire & Inconscient | 3 | 3 | 2001-09-01 | p. 41-55 | 1628-9676
856 4 1 _uhttps://shs.cairn.info/revue-imaginaire-et-inconscient-2001-3-page-41?lang=fr&redirect-ssocas=7080
999 _c2225210
_d2225210